Pokemon Mega Evolutions - Statistics

General Stats
  • This quiz has been taken 36 times
    30 since last reset
  • The average score is 5 of 10
Answer Stats
Main Type Dual Type Answer % Correct
Grass Ice Abomasnow
100%
Water Blastoise
100%
Fire Dragon Charizard
100%
Fire Psychic Delphox
100%
Dragon Flying Dragonite
100%
Water Dragon Feraligatr
100%
Ground Dragon Garchomp
100%
Fire Steel Heatran
100%
Bug Fighting Heracross
100%
Steel Fighting Lucario
100%
Grass Fairy Meganium
100%
Psychic Mewtwo
100%
Electric Raichu
100%
Grass Dragon Sceptile
100%
Water Ground Swampert
100%
Water Dragon Tatsugiri
100%
Grass Poison Victreebel
100%
Dragon Poison Dragalge
80%
Fighting Psychic Medicham
80%
Fire Grass Scovillain
80%
Fire Flying Charizard
75%
Ice Ghost Froslass
75%
Normal Fighting Lopunny
75%
Normal Flying Pidgeot
75%
Fire Fighting Blaziken
70%
Rock Flying Aerodactyl
67%
Ice Glalie
67%
Water Dark Greninja
67%
Rock Dark Tyranitar
67%
Normal Fairy Audino
60%
Dark Darkrai
60%
Dark Ghost Absol
50%
Steel Aggron
50%
Pyschic Alakazam
50%
Electric Dragon Ampharos
50%
Bug Poison Beedrill
50%
Normal Dragon Drampa
50%
Fighting Psychic Gallade
50%
Bug Steel Golisopod
50%
Fire Ground Groudon
50%
Water Dark Gyarados
50%
Fire Dark Houndoom
50%
Dragon Psychic Latias
50%
Bug Flying Pinsir
50%
Electric Raichu
50%
Steel Bug Scizor
50%
Bug Poison Scolipede
50%
Water Dark Sharpedo
50%
Steel Ground Steelix
50%
Electric Manectric
40%
Grass Poison Venusaur
40%
Fairy Psychic Gardevoir
33%
Ghost Poison Gengar
33%
Dragon Psychic Latios
33%
Fighting Steel Lucario
33%
Psychic Fighting Mewtwo
33%
Dragon Flying Rayquaza
33%
Water Psychic Starmie
33%
Ghost Dark Sableye
25%
Dragon Flying Salamance
25%
Grass Fighting Chesnaught
20%
Fairy Steel Magearna
20%
Steel Fairy Mawile
17%
Dark Absol
0%
Ghost Bannete
0%
Ice Dragon Baxcaliber
0%
Fire Ground Camrupt
0%
Psychic Steel Chimecho
0%
Fairy Flying Clefairy
0%
Ice Fighting Crabominable
0%
Rock Fairy Diance
0%
Fairy Eternal Flower Floette
0%
Fighting Falinks
0%
Dragon Garchomp
0%
Rock Poison Glimmora
0%
Ground Ghost Golurk
0%
Normal Kagaskhan
0%
Water Kyorge
0%
Steel Psychic Metagross
0%
Water Psychic Slowbro
0%
Fighting Flying Staraptor
0%
Electric Zeraora
0%
Ground Dragon Zygarde
0%
No matching quizzes found
Score Distribution
Percent of People with Each Score
Percentile by Number Answered
Your Score History
You have not taken this quiz since the last reset